000 00695nam a22002537a 4500
003 UA-OsUOA
001 50230
007 ta
008 20071108b un ||||| |||| 00| 0 ukr d
100 _aКоряковцев В.
700 _aПитулько К.
090 _a343.2
_bК70
942 _cBK
040 _aUA-OsUOA
_brus
_cUA-OsUOA
_dUA-OsUOA
245 _aРуководство адвоката по уголовным делам
300 _a528 с.
955 _a2
041 _arus
080 _a343.2
020 _a5-469-00680-8
260 _aМ.
_bПитер
_c2006
650 7 _a343 Кримінальне право. Карні порушення
_2UDC
999 _c336334
_d336334